000 00475nam a2200181Ia 4500
005 20250423094946.0
008 250422s9999 xx 000 0 und d
020 _a0- 8384- 4213- 7
050 _aPE1128.G37
100 _aRhona B. Genzel
245 0 _aCulturally speaking: a conversion and culture text
250 _a2nd
260 _bHeinle & Heinle
260 _c1993
300 _a195 p
650 _aEnglish languge- textbooks for foreign speakers
942 _cBK
999 _c28812
_d28812